[Event "GCT Saint Louis Rapid 2019"]
[Site "Saint Louis"]
[Date "2019.08.12"]
[Round "9.3"]
[White "Dominguez Perez, Leinier"]
[Black "Karjakin, Sergey"]
[Result "1-0"]
[WhiteElo "2760"]
[BlackElo "2748"]
[Annotator "TA"]
[PlyCount "65"]
[EventDate "2019.08.10"]
[EventType "tourn"]
[EventCountry "USA"]
[SourceTitle "playchess.com"]
[Source "ChessBase"]
[SourceQuality "1"]

{[%evp 13,65,19,25,21,30,36,35,18,15,14,32,32,40,27,36,33,26,0,-4,-27,87,80,67,85,84,79,122,108,106,106,68,88,195,204,228,221,249,241,259,256,243,236,257,261,246,248,266,264,250,247,293,289,279,252]} 1. e4 c6 2. d4 d5 3. e5 Bf5 4. Nf3 e6 5. Be2 Ne7 6. c3 h6 7. O-O Nd7 8. Nbd2 {B12: Caro-Kann: Advance Variation} Qc7 (8... g5 9. Ne1 c5 10. Nc2 Nc6 11. Nb3 c4 12. Nd2 Bg6 13. Bh5 Bd3 14. Re1 Bg7 {0-1 (60) Vachier Lagrave,M (2779)-Nakamura,H (2777) chess.com INT 2018}) 9. Re1 Bg6 10. Nb3 $146 {White is slightly better.} ({Predecessor:} 10. b3 Nf5 11. Bd3 Be7 12. c4 dxc4 13. Nxc4 O-O 14. g4 Nh4 15. Nxh4 Bxh4 {½-½ (22) Lakatos,S (2394)-Marquez Abreu,C (2405) ICCF email 2016}) 10... a6 11. Bf4 c5 12. Nxc5 Nxc5 13. dxc5 Qxc5 14. Qb3 $36 {[%mdl 2048] Black is under pressure.} Qc7 15. c4 dxc4 16. Bxc4 {Rac1 is the strong threat.} Nc6 (16... b5 $1 $11 {keeps the balance.} 17. Bd3 Bxd3 18. Qxd3 Nd5) 17. Bxe6 $1 $16 fxe6 18. Qxe6+ {[%mdl 64] Double Attack} Ne7 19. Rac1 $1 {[%cal Rc1c7]} Qd7 20. Qxd7+ Kxd7 21. e6+ Ke8 22. Ne5 {[%mdl 1024] White has compensation.} Rh7 (22... b5 $16 {was worth a try.}) 23. g4 $1 $18 Rd8 24. Rc7 Bd3 {[#]} 25. Nf7 $1 {[%cal Rf7d8]} ({Don't do} 25. Rxb7 $6 g5 $16) 25... Nd5 26. Nxd8 Nxc7 27. Bxc7 g5 28. Nf7 Bc4 29. b3 Bxe6 {[#]} 30. Nd8 $1 {[%cal Rd8e6]} ({Weaker is} 30. Rxe6+ Kxf7 31. Re4 Be7 $16) 30... Rxc7 31. Nxe6 Rc8 32. Nxf8+ Kxf8 33. Re6 {Accuracy: White = 85%, Black = 54%.} 1-0

[Event "GCT Saint Louis Rapid 2019"]
[Site "Saint Louis"]
[Date "2019.08.12"]
[Round "9.4"]
[White "Carlsen, Magnus"]
[Black "Mamedyarov, Shakhriyar"]
[Result "1/2-1/2"]
[WhiteElo "2872"]
[BlackElo "2765"]
[Annotator "TA"]
[PlyCount "111"]
[EventDate "2019.08.10"]
[EventType "tourn"]
[EventCountry "USA"]
[SourceTitle "playchess.com"]
[Source "ChessBase"]
[SourceQuality "1"]

{[%evp 9,111,29,40,20,29,25,51,40,64,0,0,0,0,0,14,0,24,24,20,8,14,-124,-127,-117,-121,-139,-128,-150,-154,-150,-146,-151,-149,-226,-154,-159,-146,-163,-97,-100,-103,-84,-77,-79,7,0,0,-92,-91,-99,-85,-118,-117,-118,-122,-119,-104,-118,-118,-118,-118,-118,-116,-116,-88,-89,-89,-104,-85,-92,-85,-85,-85,-85,-85,-85,-23,-23,-23,-23,-23,-23,-23,-23,-23,-23,-23,-23,-18,-18,0,-23,-23,-23,-23,-23,-23,-23,-23,-23,-18,-23,-23,-23]} 1. d4 d5 2. c4 c5 3. cxd5 Qxd5 4. Nf3 cxd4 5. Qxd4 (5. Nc3 Qa5 6. Nxd4 Nf6 7. g3 e5 8. Nb3 Qc7 9. Bg2 Bb4 10. Bd2 O-O 11. O-O {1-0 (44) So,W (2778)-Mamedyarov,S (2808) Paris 2018}) 5... Qxd4 6. Nxd4 {D06: Queen's Gambit: Symmetrical and Baltic Defences} Bd7 7. e4 $146 ({Predecessor:} 7. Nc3 Nc6 8. Nxc6 Bxc6 9. e4 e6 10. Bb5 Rc8 11. Bxc6+ Rxc6 {½-½ (26) Ernst,M (2134)-Penz,H (2321) Austria 2014}) 7... Nc6 8. Be3 {White is slightly better.} e5 9. Nb5 (9. Nxc6 $14 Bxc6 10. Nc3) 9... Rc8 $1 $11 10. Nd2 Nf6 $36 {[%mdl 2048] Black is pushing.} 11. f3 a6 12. Nc3 b5 {[%cal Bb7b5,Bb5a4,Ba4a3,Ba3b2][%mdl 32]} 13. a4 Nd4 {aiming for ...Nc2+.} 14. Bd3 bxa4 15. Bxd4 (15. Kf2 $11 {remains equal.}) 15... exd4 $17 16. Ne2 Bb4 17. Nxd4 {[#]} a3 $1 {[%mdl 512]} 18. Ke2 (18. bxa3 Bc3) 18... axb2 19. Rxa6 Rc1 20. Rd1 O-O 21. N4b3 (21. Ra2 $17) 21... Rfc8 22. Rb6 Bf8 23. Na5 Ba4 (23... R8c3 $19 24. Nb1 Rxd3 $1 {[%mdl 512]} 25. Rxd3 Rxb1) 24. Rf1 {[#]} Ba3 $1 {And now ...Nd7 would win.} 25. Nac4 Nd7 26. Ra6 {[#]} Rxf1 ({Black should play} 26... Nc5 $1 $17 {[%cal Rc5a6]} 27. Rxa4 Nxa4 28. Nxa3 Nc5) 27. Kxf1 Nc5 {[%mdl 64] Double Attack} 28. Nxa3 (28. Rb6 $1 $11) 28... Nxa6 29. Bxa6 Rc1+ 30. Kf2 Ra1 31. Nac4 Bc6 32. Bc8 Bb5 {Hoping for ...Bxc4.} (32... b1=R {is more complex.} 33. Nxb1 Rxb1 34. Ne3 Rb2+ 35. Kg3 Rb3) 33. Nxb2 {Strongly threatening Nbc4.} Ra2 34. Ke3 Rxb2 {[%mdl 4096] Endgame KRB-KBN} 35. h4 Kf8 36. Bb7 {[#]} Bf1 $1 {[%mdl 512]} 37. Nxf1 Rxb7 {KR-KN} 38. Kf4 Ke7 39. Ne3 Rb2 40. Nf5+ Kf8 41. g4 g6 42. Ne3 f6 (42... Ke7 $17 43. g5 Ke6) 43. g5 $11 Kf7 44. Nd5 fxg5+ 45. hxg5 Ke6 46. Nc7+ Kd6 47. Nd5 Rb7 48. Ke3 Kc5 49. Nf6 Kd6 50. Ng4 Rb5 51. Kf4 Ke6 52. Ne3 Rb7 53. Ng4 Rf7+ 54. Ke3 Kd6 55. Nh6 Ra7 56. Ng4 {Accuracy: White = 69%, Black = 46%.} 1/2-1/2

[Event "GCT Saint Louis Rapid 2019"]
[Site "Saint Louis"]
[Date "2019.08.12"]
[Round "9.5"]
[White "Ding, Liren"]
[Black "Rapport, Richard"]
[Result "1/2-1/2"]
[WhiteElo "2812"]
[BlackElo "2735"]
[Annotator "TA"]
[PlyCount "61"]
[EventDate "2019.08.10"]
[EventType "tourn"]
[EventCountry "USA"]
[SourceTitle "playchess.com"]
[Source "ChessBase"]
[SourceQuality "1"]

{[%evp 9,61,31,34,28,50,22,20,26,29,6,20,0,0,6,6,0,0,0,0,0,0,0,10,10,7,3,11,7,4,4,14,8,8,8,10,10,8,8,9,13,27,0,0,0,0,0,0,0,0,0,0,0,0,0]} 1. d4 e6 2. c4 b6 3. e4 Bb4+ 4. Bd2 Bxd2+ 5. Qxd2 d5 6. Bd3 {C01: French: Exchange Variation} (6. cxd5 exd5 7. e5 Ne7 8. f4 O-O 9. Nf3 c5 10. Nc3 Nbc6 11. dxc5 bxc5 {1-0 (50) Duda,J (2738)-Meier,G (2623) chess.com INT 2019}) 6... Nc6 7. Ne2 dxe4 8. Bxe4 Bb7 9. Nbc3 Nf6 10. Bf3 O-O $146 ({Predecessor:} 10... Rb8 11. O-O {½-½ (32) Radovanovic,M (2419)-Rapport,J (2358) Belgrade 2018}) 11. O-O Rb8 12. Rad1 Ne7 13. Bxb7 Rxb7 14. d5 exd5 15. cxd5 c6 16. dxc6 Nxc6 17. Qxd8 Rxd8 18. Rxd8+ Nxd8 19. Rd1 Rd7 20. Rxd7 Nxd7 $11 {[%mdl 4096] Endgame KNN-KNN} 21. Nd4 Ne5 22. Kf1 Kf8 23. Ke2 Ke7 24. f4 Nec6 25. Nxc6+ (25. Nf5+ {looks sharper.} Kf8 26. Kd3 Ne6 27. g3 g6 28. Ne3) 25... Nxc6 {KN-KN. The position is equal.} 26. Kd3 Ke6 27. Ke4 f5+ 28. Kd3 Kd6 29. a3 a6 30. b4 b5 31. g3 {Accuracy: White = 73%, Black = 80%.} 1/2-1/2